[Event "Guwahati op 3rd"]
[Site "Guwahati"]
[Date "2019.10.07"]
[Round "1"]
[White "Tartush, R Marak"]
[Black "Das, Sayantan"]
[Result "0-1"]
[WhiteElo "1235"]
[BlackElo "2440"]
[PlyCount "68"]
[EventDate "2019.10.07"]
[EventType "swiss"]
[EventRounds "10"]
[EventCountry "IND"]
[SourceTitle "CBM 192 Extra"]
[Source "Chessbase"]
[SourceDate "2019.11.06"]
[SourceVersion "1"]
[SourceVersionDate "2019.11.06"]
[SourceQuality "1"]

1. e4 c5 2. Nf3 e6 3. d4 cxd4 4. Nxd4 a6 5. Nc3 Qc7 6. Be3 Bb4 7. Bd2 Nf6 8. Bd3 d5 9. exd5 Qe5+ 10. Nce2 Bxd2+ 11. Qxd2 Qxd5 12. 0-0 0-0 13. c4 Qd8 14. Rad1 e5 15. Nb3 Nc6 16. Qg5 Qc7 17. Ng3 Nb4 18. Bb1 h6 19. Qh4 Bg4 20. f3 Be6 21. Nd2 Rad8 22. a3 Nc6 23. Nde4 Nxe4 24. Nxe4 Nd4 25. Kh1 Nf5 26. Qf2 Rxd1 27. Rxd1 Qxc4 28. g4 Nd4 29. g5 hxg5 30. Nxg5 Bf5 31. Qh4 Bxb1 32. Rxb1 Qd3 33. Rd1 f6 34. Ne4 Qxf3+ 0-1